Justice, mercy and law. From revenge to forgiveness in the history of law
Salvato in:
| Altri autori: | , , , , , , , |
|---|---|
| Natura: | Libro |
| Lingua: | inglese |
| Pubblicazione: |
Muricia, España:
Cátedra Internacional Conjunta Inocencio III; UCAM - Universidad Católica San Antonio,
2018
|
| Soggetti: | |
| Tags: |
Aggiungi Tag
Nessun Tag, puoi essere il primo ad aggiungerne!!
|
MARC
| LEADER | 00000nam a22000007a 4500 | ||
|---|---|---|---|
| 003 | CL-VaPUC | ||
| 005 | 20220726153306.0 | ||
| 008 | 220418b2018 ||||| |||| 00| 0 eng d | ||
| 999 | |c 435416 |d 435414 | ||
| 020 | |a 978-84-16045-32-7 | ||
| 040 | |c Pontificia Universidad Católica de Valparaíso | ||
| 082 | 0 | 4 | |2 22 |a 340.09 GIU 2018 |
| 100 | 1 | |a Giuseppe Versaldi, Javier |e editor |9 868544 | |
| 245 | 1 | 0 | |a Justice, mercy and law. |b From revenge to forgiveness in the history of law |
| 260 | |a Muricia, España: |b Cátedra Internacional Conjunta Inocencio III; |b UCAM - Universidad Católica San Antonio, |c 2018 | ||
| 300 | |a 563 páginas | ||
| 500 | |a C.1 Donación Carlos Salinas Araneda. Memo 001. 05/01/2022 | ||
| 583 | |c 20220418 |k Catalogador Asistente | ||
| 650 | 1 | |a Justicia |x Historia del derecho |x Congresos |9 872193 | |
| 650 | 1 | |a Venganza |x Historia del derecho |x Congresos |9 872194 | |
| 650 | 1 | |a Perdón |x Historia del derecho |x Congresos |9 872195 | |
| 700 | |a Versaldi, Giuseppe |e prefacio |9 868545 | ||
| 700 | |a Aranda Serna, Francisco José |e coordinador |9 868546 | ||
| 700 | |a Blanco Díez, Patricia |e coordinadora |9 868547 | ||
| 700 | |a Coretti, Michela |e coordinadora |9 868548 | ||
| 700 | |a Rosati, Simone |e coordinadora |9 868549 | ||
| 700 | |a Moreno Galán, Helena |e coordinadora |9 868550 | ||
| 700 | |a De Angelis, Francesco |e coordinador |9 868551 | ||
| 942 | |2 ddc |c BK | ||
| 952 | |0 0 |1 0 |2 ddc |4 0 |6 340_090000000000000_GIU_2018 |7 0 |8 DER_HIS |9 582620 |a BIBDER |b BIBDER |d 2022-04-18 |e Donación |i 5650779 |o 340.09 GIU 2018 |p 5650779 |r 2023-01-25 |t 1 |w 2022-04-18 |x Ubicación 4to piso |y BK |z Estos recursos deben solicitarse con anticipación |k DER | ||